00439 2200169 4500001002100000005001500021008004100036020002200077035001900099082001000118090001600128100001800144700002400162245002400186260004500210650001400255INLIS00000000000999720241224113925241224||||||||| | ||| |||| ||  a978-602-00-1168-4 0010-12240099970 a770.1 a770.1 EDI b0 aEdison Paulus0 aLaely Indah Lestari00aBuku Saku Fotografi aJakartabPT. Elex Media Komputindoc2012 0aFotografi